|
|
|
|
| LEADER |
00000cam a2200000 i 4500 |
| 001 |
1/99120 |
| 008 |
950323s1993 gre d |
| 020 |
|
|
|a 960-02-1010-1
|
| 035 |
|
|
|l 10011183
|
| 040 |
|
|
|a GR-MY-UA
|b gre
|e aacr
|
| 041 |
0 |
|
|a gre
|
| 100 |
1 |
|
|a Ανωγιάτης-Πελέ, Δημήτρης.
|
| 245 |
1 |
0 |
|a Δρόμοι και διακίνηση στον Ελλαδικό χώρο κατα τον 18ο αιώνα /
|c Δημήτρης Ανωγιάτης-Pele
|
| 260 |
|
|
|a Αθήνα :
|b Παπαζήση,
|c 1993
|
| 300 |
|
|
|a 250 σ.
|
| 650 |
0 |
0 |
|a Roads
|z Greece
|x History
|y 18th century.
|
| 650 |
0 |
0 |
|a Transportation
|z Greece
|x History
|y 18th century.
|
| 852 |
|
|
|a INST
|b LESVOS
|e 19950323
|h 388.109495 ΑΝΩ
|p 005100002111
|q 005100002111
|t BK
|y 0
|
| 909 |
|
|
|a Λ
|b 036679
|